000 00369nam a2200133Ia 4500
008 231129s9999||||xx |||||||||||||| ||spa||
020 _a84-348-1601-6
040 _bspa
082 _a(i) 808.068 o13s
100 _aO'Brien Robert C
245 0 _aLa senora Frisby y las ratas de Nimh
264 _aEdiciones SM
942 _2ddc
_cBKS
999 _c18205
_d18205